| 000 | 00516nam a2200169Ia 4500 | ||
|---|---|---|---|
| 005 | 20250923145022.0 | ||
| 008 | 008 250917s9999 xx 000 0 eng d | ||
| 037 | _aTextual | ||
| 040 |
_aDSWL _beng _cDSWL |
||
| 041 |
_aeng _2eng |
||
| 084 |
_aYXp73,M74, N65 _qDSWL |
||
| 245 | 0 |
_aSocial welfare forum 1965 _cby National Conference of S.W. |
|
| 260 |
_aNew York _b Kolumbia University Press _c1965 |
||
| 300 | _axv,174 p. | ||
| 942 |
_cTEXL _hYXp73,M74, N65 |
||
| 999 |
_c1446119 _d1446119 |
||